000
00385nam a2200133Ia 4500
008
100328s9999 xx 000 0 und d
082
_b
28480
100
_a
आपटे वा.शि.
245
_a
चिंता का करता
260
_b
सरिता
630
_a
चिंता का करता
730
_a
चिंता का करता
942
_c
BOOK
999
_c
519902
_d
519899